000 01251cab a2200241 4500
001 ##L135589
008 061113n2006 000 0 eng u
035 _a(Sirsi) u135589
041 0 _aeng
100 1 _aCarr, Steve
245 0 0 _aFamily homes shortage
260 _c2006
490 0 _aHouseBuilder
_v65(9) October 2006, 21-29(7)
520 _aGroup of articles covering aspects of the family homes shortage. "Density crisis" asks whether increased housing densities are impacting on the supply of decent-sized family housing. "A family affair" reports on the growing debate about density, apartments oversupply and whether families want to live in cities. "City living" showcases PRP Architects' challenge to its staff to come up with new high density housing designs for urban families. "Innovation is the key" argues that high density housing is suitable for the modern English family but a flexible approach to it must be taken and design must be innovative.
590 _aIKA141106, KA
650 2 4 _aAffordable housing
_96215
651 4 _aGREAT BRITAIN
690 _aPROPERTY-RESIDENTIAL PROPERTY-RESIDENTIAL PROPERTY DEVELOPMENT
700 1 _aHeller, Allison
700 1 _aMunday, Barry
700 1 _aLocke, Greg
942 _n0
999 _c77951
_d77951